000 00401cam a2200169ua 4500
041 _aeng
_h
082 _a635.9
_bBRI/EA
100 _aBristow, Alee .
245 _aEasy garden /
_cAlee Bristow.
_hTextual Documents
250 _a1 /
_b.
260 _aLondon :
_bMitchell beazloy ltd ,
_c1977.
300 _a154 ; .
500 _a** Reference
504 _a
942 _cBK
999 _c4253
_d4253